<?xml version="1.0" encoding="UTF-8"?><?xml-stylesheet type="text/xsl" href="static/style.xsl"?><OAI-PMH xmlns="http://www.openarchives.org/OAI/2.0/" xmlns:xsi="http://www.w3.org/2001/XMLSchema-instance" xsi:schemaLocation="http://www.openarchives.org/OAI/2.0/ http://www.openarchives.org/OAI/2.0/OAI-PMH.xsd"><responseDate>2026-04-17T15:06:31Z</responseDate><request verb="GetRecord" identifier="oai:www.recercat.cat:10230/48424" metadataPrefix="marc">https://recercat.cat/oai/request</request><GetRecord><record><header><identifier>oai:recercat.cat:10230/48424</identifier><datestamp>2025-12-19T20:26:54Z</datestamp><setSpec>com_2072_6</setSpec><setSpec>col_2072_452954</setSpec></header><metadata><record xmlns="http://www.loc.gov/MARC21/slim" xmlns:dcterms="http://purl.org/dc/terms/" xmlns:xsi="http://www.w3.org/2001/XMLSchema-instance" xmlns:doc="http://www.lyncode.com/xoai" xsi:schemaLocation="http://www.loc.gov/MARC21/slim http://www.loc.gov/standards/marcxml/schema/MARC21slim.xsd">
   <leader>00925njm 22002777a 4500</leader>
   <datafield ind2=" " ind1=" " tag="042">
      <subfield code="a">dc</subfield>
   </datafield>
   <datafield ind2=" " ind1=" " tag="720">
      <subfield code="a">Guillén Ortega, Estela del Carmen</subfield>
      <subfield code="e">author</subfield>
   </datafield>
   <datafield ind2=" " ind1=" " tag="260">
      <subfield code="c">2021-09-10T09:17:54Z</subfield>
   </datafield>
   <datafield ind2=" " ind1=" " tag="260">
      <subfield code="c">2021-09-10T09:17:54Z</subfield>
   </datafield>
   <datafield ind2=" " ind1=" " tag="260">
      <subfield code="c">2021</subfield>
   </datafield>
   <datafield ind2=" " ind1=" " tag="520">
      <subfield code="a">Treball de Fi de Grau en Dret. Curs 2020-2021</subfield>
   </datafield>
   <datafield ind2=" " ind1=" " tag="520">
      <subfield code="a">Tutor: Jesús-María Silva Sánchez</subfield>
   </datafield>
   <datafield ind2=" " ind1=" " tag="520">
      <subfield code="a">Dada la complejidad de las estructuras empresariales actuales y como consecuencia de los numerosos escándalos financieros que se han producido durante las últimas décadas, las autoridades cada vez han venido promoviendo una mayor colaboración ciudadana para destapar y prevenir delitos. Una de las medidas tomadas por la Unión Europea (que será el centro de este trabajo), es la nueva Directiva 2019/1937 que pretende dar protección a las personas que denuncian un ilícito cometido en el seno de la organización en la que trabajan (whistleblowers), frente a las posibles represalias que puedan tomar sus empleadores contra ellos por el hecho de haber denunciado. Para entender la importancia de la figura del whistleblower o el alertador, antes se analizará a modo de introducción la responsabilidad penal de las personas jurídicas en el ordenamiento jurídico español, ya que a raíz de la reforma del Código Penal de 2015 las corporaciones empezaron a establecer programas de cumplimiento para exonerarse de responsabilidad penal, para el caso de que se les imputase algún delito, y estos incluían canales de denuncia internos.</subfield>
   </datafield>
   <datafield tag="653" ind2=" " ind1=" ">
      <subfield code="a">Treball de fi de grau – Curs 2020-2021</subfield>
   </datafield>
   <datafield tag="653" ind2=" " ind1=" ">
      <subfield code="a">Delicte (Espanya)</subfield>
   </datafield>
   <datafield tag="653" ind2=" " ind1=" ">
      <subfield code="a">Denúncies d&amp;apos;irregularitats (Espanya)</subfield>
   </datafield>
   <datafield ind2="0" ind1="0" tag="245">
      <subfield code="a">La consolidación de los canales de denuncia en el derecho español: el &amp;quot;whistleblower&amp;quot; y su protección</subfield>
   </datafield>
</record></metadata></record></GetRecord></OAI-PMH>